000 00777cab a2200181 4500
001 WB2625-36
008 090401t1990 xxu||||| |||| 00| 0 eng d
035 _a(Sirsi) u71374
041 _aeng
245 _aPlanning applications can be copied
260 _c1990
350 _a0
490 _aPlanning (for the Natural and Built Environment)
_vno 874 22/6/90 p8
520 _aThe RTPI recommends that chief planning officers take responsibility for deciding whether planning applications can be copied under the Copyright & Patents Act 1990 . The Association of Metropolitan Authorities shares the same opinion that copying does not breach the copyright restrictions. Charges can also be made.
690 _aPLANNING LAW AND PRACTICE
942 _n0
948 _c04/03/1997
999 _c44983
_d44983